[Event "Uljanovsk Povolje op"]
[Site "Uljanovsk"]
[Date "2013.08.26"]
[Round "5"]
[White "Goncharov, Evgeniy"]
[Black "Frolova, Marina"]
[Result "1/2-1/2"]
[WhiteElo "1712"]
[BlackElo "1585"]
[PlyCount "93"]
[EventDate "2013.08.24"]
[EventType "swiss"]
[EventRounds "9"]
[EventCountry "RUS"]
[SourceTitle "CBM 156 Extra"]
[Source "ChessBase"]
[SourceDate "2013.10.22"]
[SourceVersion "1"]
[SourceVersionDate "2013.10.22"]
[SourceQuality "1"]

1. d4 f5 2. e4 d6 3. Bd3 e6 4. Nf3 fxe4 5. Bxe4 Nf6 6. Bg5 Nbd7 7. 0-0 h6 8. Bxf6 Qxf6 9. Nc3 d5 10. Bd3 Bd6 11. g3 0-0 12. Nb5 Qxf3 13. Qxf3 Rxf3 14. Kg2 Rf6 15. c4 dxc4 16. Bxc4 a6 17. Nc3 Nb6 18. Bb3 Bd7 19. Rae1 Kh8 20. a4 Bc6+ 21. Kg1 Re8 22. a5 Nd7 23. d5 Bb5 24. Nxb5 axb5 25. dxe6 Nc5 26. Bd5 c6 27. Bg2 Rexe6 28. Rd1 Nb3 29. a6 bxa6 30. Bxc6 Nc5 31. Bd5 Re7 32. Ra1 Be5 33. Rac1 Nd7 34. Rc8+ Kh7 35. b3 Nb6 36. Be4+ g6 37. Rc2 Rc7 38. Re2 Bc3 39. h4 h5 40. Kg2 Nd7 41. f4 Nc5 42. Bc2 Rcf7 43. Rd1 a5 44. Rd5 Bb4 45. Rxh5+ Kg7 46. Rg5 Ne6 47. Rd5 1/2-1/2

[Event "Uljanovsk op"]
[Site "Uljanovsk"]
[Date "2010.01.08"]
[Round "6"]
[White "Goncharov, Evgeniy"]
[Black "Chepenko, Anton"]
[Result "1-0"]
[WhiteElo "1750"]
[BlackElo "1821"]
[PlyCount "83"]
[EventDate "2010.01.04"]
[EventType "swiss"]
[EventRounds "9"]
[EventCountry "RUS"]
[SourceTitle "CBM 134 Extra"]
[Source "ChessBase"]
[SourceDate "2010.03.03"]
[SourceVersion "1"]
[SourceVersionDate "2010.03.03"]
[SourceQuality "1"]

1. Nf3 d5 2. b3 c6 3. Bb2 Bf5 4. e3 e6 5. Be2 Nf6 6. 0-0 Nbd7 7. d3 Be7 8. Nbd2 0-0 9. Nh4 Bg6 10. Ndf3 c5 11. Nxg6 hxg6 12. c4 Rc8 13. Qc2 Qb6 14. Rad1 Rfd8 15. Qb1 a6 16. d4 cxd4 17. Bxd4 Bc5 18. Ne5 Bxd4 19. Nxd7 Rxd7 20. Rxd4 Rdc7 21. Rfd1 Qa5 22. b4 Qa4 23. c5 Ne4 24. Qb2 Qc6 25. f3 Nf6 26. Qd2 b6 27. Bxa6 bxc5 28. b5 Qb6 29. Ra4 Rb8 30. Qa5 Qd6 31. Qc3 Nd7 32. Rg4 e5 33. a4 d4 34. exd4 exd4 35. Qe1 Nf6 36. Rg5 c4 37. a5 Ra7 38. Qe5 Qxe5 39. Rxe5 c3 40. Rxd4 c2 41. Rc5 Rxa6 42. bxa6 1-0

[Event "Uljanovsk Cup"]
[Site "Uljanovsk"]
[Date "2009.12.06"]
[Round "3"]
[White "Goncharov, Evgeniy"]
[Black "Makarenko, Vladimir2"]
[Result "0-1"]
[WhiteElo "1750"]
[BlackElo "1969"]
[PlyCount "93"]
[EventDate "2009.12.05"]
[EventType "swiss"]
[EventRounds "9"]
[EventCountry "RUS"]
[SourceTitle "EXT 2012"]
[Source "ChessBase"]
[SourceDate "2011.11.24"]
[SourceVersion "1"]
[SourceVersionDate "2011.11.24"]
[SourceQuality "1"]

1. d4 Nf6 2. c4 g6 3. Nc3 Bg7 4. e4 d6 5. Be2 0-0 6. Bg5 h6 7. Be3 Nbd7 8. h3 e5 9. Nf3 c6 10. 0-0 Ne8 11. dxe5 Nxe5 12. Qd2 Nxf3+ 13. Bxf3 Be6 14. c5 g5 15. Rfd1 Be5 16. Bd4 Qc7 17. Bxe5 dxe5 18. Qe2 Rd8 19. Bg4 Ng7 20. h4 Qe7 21. hxg5 Qxg5 22. Bxe6 Nxe6 23. b4 Nd4 24. Qe3 Qxe3 25. fxe3 Nc2 26. Rab1 Nxe3 27. Re1 Rd3 28. Nd1 Nc2 29. Re2 Nd4 30. Re3 Rd2 31. Rh3 Kh7 32. Ne3 Rg8 33. Rf1 Ne2+ 34. Kh2 Nf4 35. Rg3 Re2 36. Ng4 Rg5 37. Nxe5 Rh5+ 38. Kg1 Rxe4 39. Rg4 Ne2+ 40. Kf2 Rf5+ 41. Nf3 Rxg4 42. Kxe2 Rxg2+ 43. Ke3 Rg3 44. Ke4 Rgxf3 45. Rxf3 Rxf3 46. Kxf3 Kg6 47. a4 0-1

[Event "Uljanovsk op"]
[Site "Uljanovsk"]
[Date "2009.08.29"]
[Round "8"]
[White "Goncharov, Evgeniy"]
[Black "Chepenko, Anton"]
[Result "0-1"]
[WhiteElo "1784"]
[BlackElo "1852"]
[PlyCount "82"]
[EventDate "2009.08.26"]
[EventType "swiss"]
[EventRounds "9"]
[EventCountry "RUS"]
[SourceTitle "CBM 132 Extra"]
[Source "ChessBase"]
[SourceDate "2009.11.03"]
[SourceVersion "1"]
[SourceVersionDate "2009.11.03"]
[SourceQuality "1"]

1. d4 Nf6 2. c4 g6 3. Nc3 Bg7 4. e4 d6 5. Be2 0-0 6. Bg5 Nbd7 7. Qd2 e5 8. d5 a5 9. Bh6 Nc5 10. Bxg7 Kxg7 11. Bf3 Ne8 12. h4 h5 13. Nge2 Nf6 14. Ng3 Rh8 15. Qg5 Bd7 16. Be2 Ng4 17. Qxd8 Raxd8 18. Bxg4 hxg4 19. Kd2 Rb8 20. f3 gxf3 21. gxf3 b5 22. cxb5 Bxb5 23. Rag1 Bd7 24. b3 Kf6 25. h5 g5 26. h6 Kg6 27. h7 Rxh7 28. Rxh7 Kxh7 29. Rh1+ Kg7 30. Rh5 f6 31. Rh2 a4 32. b4 Rxb4 33. Kc2 a3 34. Nce2 Rb2+ 35. Kc3 Na4+ 36. Kd3 Bb5+ 37. Ke3 Bxe2 38. Nf5+ Kf7 39. Rh7+ Ke8 40. Rxc7 Ba6 41. Ng3 Rxa2 0-1

[Event "Uljanovsk op"]
[Site "Uljanovsk"]
[Date "2009.08.26"]
[Round "3"]
[White "Goncharov, Evgeniy"]
[Black "Seyfutdinov, Rustam"]
[Result "0-1"]
[WhiteElo "1784"]
[BlackElo "1630"]
[PlyCount "92"]
[EventDate "2009.08.26"]
[EventType "swiss"]
[EventRounds "9"]
[EventCountry "RUS"]
[SourceTitle "CBM 132 Extra"]
[Source "ChessBase"]
[SourceDate "2009.11.03"]
[SourceVersion "1"]
[SourceVersionDate "2009.11.03"]
[SourceQuality "1"]

1. d4 Nf6 2. c4 e6 3. Nc3 b6 4. Bg5 Be7 5. e3 Bb7 6. Nf3 d5 7. cxd5 Nxd5 8. Bxe7 Qxe7 9. Bd3 Nd7 10. 0-0 Rc8 11. Rc1 0-0 12. Nxd5 exd5 13. Qe2 c5 14. Bf5 Rc7 15. Bxd7 Qxd7 16. Ne5 Qe7 17. Qg4 f6 18. Nd3 Ba6 19. Rc3 Bxd3 20. Rxd3 c4 21. Rc3 b5 22. a3 a5 23. Qf5 Rd8 24. Rfc1 b4 25. axb4 axb4 26. R3c2 g6 27. Qf4 f5 28. Ra1 Ra7 29. Rcc1 Rda8 30. Rxa7 Rxa7 31. h4 Qd7 32. Qf3 Qc6 33. h5 Ra2 34. Rb1 c3 35. bxc3 bxc3 36. Rb8+ Kf7 37. hxg6+ hxg6 38. Rb1 Rb2 39. Rc1 c2 40. Qe2 Rb1 41. Qd2 Rxc1+ 42. Qxc1 Qc4 43. Kh2 Qa2 44. Qd2 Ke6 45. Qc3 Qc4 46. Qa5 c1Q 0-1

[Event "Uljanovsk Petrosian Memorial op"]
[Site "Uljanovsk"]
[Date "2009.06.21"]
[Round "3"]
[White "Abdurahmanov, Afer"]
[Black "Goncharov, Evgeniy"]
[Result "1-0"]
[WhiteElo "1798"]
[BlackElo "1793"]
[PlyCount "105"]
[EventDate "2009.06.20"]
[EventType "swiss"]
[EventRounds "9"]
[EventCountry "RUS"]
[SourceTitle "EXT 2012"]
[Source "ChessBase"]
[SourceDate "2011.11.24"]
[SourceVersion "1"]
[SourceVersionDate "2011.11.24"]
[SourceQuality "1"]

1. g3 d5 2. Bg2 Nf6 3. Nf3 Bg4 4. b3 Bxf3 5. Bxf3 e5 6. Bb2 Nc6 7. c4 Be7 8. cxd5 Nxd5 9. Nc3 Nxc3 10. Bxc3 Bd6 11. h4 Qd7 12. Qc2 0-0-0 13. a3 g6 14. b4 Nd4 15. Bxd4 exd4 16. Qe4 c6 17. Qxd4 Qc7 18. Qxa7 Rhe8 19. Kf1 Be5 20. Rd1 Bd4 21. Qa4 Kb8 22. Kg2 f5 23. e3 Ba7 24. b5 c5 25. Qb3 c4 26. Qc3 Rd3 27. Qb2 Red8 28. a4 Bc5 29. Be2 Ra3 30. Qc2 c3 31. dxc3 Rxd1 32. Rxd1 Qf7 33. c4 Qf6 34. Bf3 Rc3 35. Qd2 Rxc4 36. Qd7 Qe7 37. Bxb7 Qxd7 38. Rxd7 Rxa4 39. Rxh7 Ra2 40. Kf3 Ra7 41. Rg7 Rxb7 42. Rxg6 Rxb5 43. Rf6 Be7 44. Rf7 Re5 45. Kf4 Bd6 46. Rxf5 Rd5+ 47. Kg5 Rd2 48. h5 Be7+ 49. Kg6 Ba3 50. h6 Rd8 51. Rh5 Kc7 52. h7 Rd6+ 53. Kf7 1-0

[Event "Uljanovsk Petrosian Memorial op"]
[Site "Uljanovsk"]
[Date "2009.06.20"]
[Round "1"]
[White "Olisov, Andrey"]
[Black "Goncharov, Evgeniy"]
[Result "1-0"]
[WhiteElo "2109"]
[BlackElo "1793"]
[PlyCount "59"]
[EventDate "2009.06.20"]
[EventType "swiss"]
[EventRounds "9"]
[EventCountry "RUS"]
[SourceTitle "EXT 2012"]
[Source "ChessBase"]
[SourceDate "2011.11.24"]
[SourceVersion "1"]
[SourceVersionDate "2011.11.24"]
[SourceQuality "1"]

1. e4 c6 2. d4 d5 3. e5 c5 4. dxc5 Nc6 5. Bb5 e6 6. Nf3 Bxc5 7. 0-0 Nge7 8. c3 0-0 9. b4 Bb6 10. Bf4 Ng6 11. Bg3 Bc7 12. Re1 a5 13. bxa5 Rxa5 14. Bd3 d4 15. cxd4 Nxd4 16. Nc3 Nxf3+ 17. Qxf3 Bxe5 18. Bxe5 Rxe5 19. Rxe5 Nxe5 20. Bxh7+ Kxh7 21. Qh5+ Kg8 22. Qxe5 Bd7 23. Rd1 Qc8 24. Rd3 f6 25. Qd6 Bc6 26. h3 e5 27. Ne2 Bb5 28. Qd5+ Kh8 29. Qxb5 Qc2 30. Ng3 1-0

[Event "Uljanovsk Cup op"]
[Site "Uljanovsk"]
[Date "2008.11.21"]
[Round "7"]
[White "Vasiliev, Semen"]
[Black "Goncharov, Evgeniy"]
[Result "0-1"]
[WhiteElo "1703"]
[BlackElo "1795"]
[PlyCount "72"]
[EventDate "2008.11.15"]
[EventType "swiss"]
[EventRounds "9"]
[EventCountry "RUS"]
[SourceTitle "EXT 2022"]
[Source "ChessBase"]
[SourceDate "2021.10.06"]
[SourceVersion "1"]
[SourceVersionDate "2021.10.06"]
[SourceQuality "1"]

1. e4 c6 2. d4 d5 3. exd5 cxd5 4. c4 Nf6 5. Nc3 g6 6. cxd5 Nxd5 7. Bc4 Be6 8. Qb3 Nxc3 9. Bxe6 fxe6 10. bxc3 Qd5 11. Nf3 Bg7 12. 0-0 0-0 13. Re1 Nc6 14. Rxe6 Qxb3 15. axb3 Rac8 16. Bb2 h6 17. Rxg6 Kh7 18. Re6 Bf6 19. Re2 Rg8 20. d5 Nd8 21. c4 Bxb2 22. Rxb2 a6 23. Ne5 Rg7 24. f4 Nf7 25. Rc2 Nd6 26. c5 Nb5 27. Nf3 Rf8 28. Ra4 Nc7 29. Rd2 Nb5 30. Rd3 Rfg8 31. g3 Rc8 32. b4 Nc7 33. Kf2 Rd8 34. d6 exd6 35. cxd6 Nb5 36. Ra2 Nxd6 0-1

[Event "Uljanovsk Cup op"]
[Site "Uljanovsk"]
[Date "2008.11.16"]
[Round "2"]
[White "Goncharov, Evgeniy"]
[Black "Safronov, Victor"]
[Result "0-1"]
[WhiteElo "1795"]
[BlackElo "1827"]
[PlyCount "91"]
[EventDate "2008.11.15"]
[EventType "swiss"]
[EventRounds "9"]
[EventCountry "RUS"]
[SourceTitle "EXT 2022"]
[Source "ChessBase"]
[SourceDate "2021.10.06"]
[SourceVersion "1"]
[SourceVersionDate "2021.10.06"]
[SourceQuality "1"]

1. Nf3 c5 2. e3 d5 3. b3 Nc6 4. Bb2 Bg4 5. h3 Bh5 6. g4 Bg6 7. Bb5 f6 8. 0-0 e5 9. d3 a6 10. Bxc6+ bxc6 11. Nbd2 Bd6 12. Nh4 Ne7 13. e4 Bf7 14. Qf3 Qd7 15. Nf5 Nxf5 16. gxf5 0-0-0 17. a3 Rdg8 18. Kh1 g5 19. Rg1 h5 20. Qg2 Bf8 21. Bc3 Bh6 22. Nf1 Rg7 23. b4 d4 24. Bd2 c4 25. a4 c3 26. Bc1 h4 27. Nh2 Bh5 28. Ng4 Rf7 29. Ba3 Bf8 30. b5 axb5 31. axb5 cxb5 32. Bxf8 Rhxf8 33. Ra8+ Kb7 34. Ra5 Ra8 35. Rxa8 Kxa8 36. Ra1+ Kb7 37. Qf1 Bxg4 38. hxg4 Rf8 39. Ra3 Ra8 40. Rb3 Kb6 41. Qb1 Ra5 42. Rb4 Qf7 43. Kg2 Ka6 44. Rb3 Kb6 45. Rb4 Kc5 46. Rb3 0-1

[Event "Uljanovsk Petrosian Memorial op"]
[Site "Uljanovsk"]
[Date "2008.06.22"]
[Round "7"]
[White "Goncharov, Evgeniy"]
[Black "Makarenko, Vladimir2"]
[Result "1/2-1/2"]
[WhiteElo "1825"]
[BlackElo "2017"]
[PlyCount "59"]
[EventDate "2008.06.14"]
[EventType "swiss"]
[EventRounds "9"]
[EventCountry "RUS"]
[SourceTitle "EXT 2022"]
[Source "ChessBase"]
[SourceDate "2021.10.06"]
[SourceVersion "1"]
[SourceVersionDate "2021.10.06"]
[SourceQuality "1"]

1. Nf3 Nf6 2. e3 d5 3. b3 c5 4. Bb2 Nc6 5. Bb5 Bg4 6. h3 Bh5 7. g4 Bg6 8. Ne5 Qd6 9. d3 0-0-0 10. Bxc6 bxc6 11. Nd2 Nd7 12. Ndf3 f6 13. Nxd7 Rxd7 14. Qd2 e5 15. Qa5 e4 16. Nh4 exd3 17. Qa6+ Kb8 18. cxd3 Be7 19. 0-0-0 Rb7 20. Nf5 Qe6 21. Nxg7 Qd7 22. Nf5 Bxf5 23. gxf5 Qxf5 24. Qxc6 Rc8 25. Qa4 Qxf2 26. Qf4+ Qxf4 27. exf4 c4 28. dxc4 dxc4 29. bxc4 Rxc4+ 30. Kb1 1/2-1/2

[Event "Uljanovsk Petrosian Memorial op"]
[Site "Uljanovsk"]
[Date "2008.06.21"]
[Round "6"]
[White "Bezvitelnov, Dmitriy"]
[Black "Goncharov, Evgeniy"]
[Result "1/2-1/2"]
[WhiteElo "1711"]
[BlackElo "1825"]
[PlyCount "47"]
[EventDate "2008.06.14"]
[EventType "swiss"]
[EventRounds "9"]
[EventCountry "RUS"]
[SourceTitle "EXT 2022"]
[Source "ChessBase"]
[SourceDate "2021.10.06"]
[SourceVersion "1"]
[SourceVersionDate "2021.10.06"]
[SourceQuality "1"]

1. d4 Nf6 2. c4 e6 3. Nc3 b6 4. Bg5 Bb7 5. e4 h6 6. Bxf6 Qxf6 7. Nf3 Bb4 8. Qc2 0-0 9. Bd3 c5 10. d5 Bxc3+ 11. bxc3 exd5 12. cxd5 Re8 13. 0-0 d6 14. Rae1 Ba6 15. Bxa6 Nxa6 16. Re3 b5 17. Rfe1 Nc7 18. e5 dxe5 19. Rxe5 Rxe5 20. Rxe5 Re8 21. Rxe8+ Nxe8 22. Qd3 Nd6 23. h3 a5 24. Qe3 1/2-1/2

[Event "Uljanovsk Petrosian Memorial op"]
[Site "Uljanovsk"]
[Date "2007.06.17"]
[Round "4"]
[White "Goncharov, Evgeniy"]
[Black "Borisov, Grigori"]
[Result "0-1"]
[WhiteElo "1880"]
[BlackElo "1792"]
[PlyCount "86"]
[EventDate "2007.06.16"]
[EventType "swiss"]
[EventRounds "9"]
[EventCountry "RUS"]
[SourceTitle "EXT 2022"]
[Source "ChessBase"]
[SourceDate "2021.10.06"]
[SourceVersion "1"]
[SourceVersionDate "2021.10.06"]
[SourceQuality "1"]

1. Nf3 d5 2. e3 Nf6 3. b3 e6 4. Bb2 Be7 5. c4 0-0 6. Be2 c5 7. 0-0 Nbd7 8. d3 Qc7 9. Nbd2 Bd6 10. Rc1 b6 11. cxd5 Nxd5 12. d4 Qb8 13. Ne4 Rd8 14. Nxd6 Qxd6 15. dxc5 Nxc5 16. Be5 Qd7 17. Nd4 Ba6 18. Bxa6 Nxa6 19. Qe2 Nc5 20. Rfd1 f6 21. Bg3 Ne4 22. Qd3 Nec3 23. Rd2 Nxa2 24. Rxa2 Nb4 25. Qe2 Nxa2 26. Qxa2 e5 27. b4+ Kh8 28. Rd1 exd4 29. Rxd4 Qc6 30. Rxd8+ Rxd8 31. h3 Ra8 32. Qf7 a5 33. b5 Qxb5 34. Bd6 Qe8 35. Qb3 b5 36. g4 Qc6 37. Be7 Qc4 38. Qb2 b4 39. Bxf6 Qf7 40. Bd4 b3 41. f4 a4 42. Qa3 Qc4 43. Qb2 Rg8 0-1

[Event "Uljanovsk-ch FL"]
[Site "Uljanovsk"]
[Date "2007.03.25"]
[Round "12"]
[White "Mikeev, Valery"]
[Black "Goncharov, Evgeniy"]
[Result "1-0"]
[WhiteElo "1845"]
[BlackElo "1893"]
[PlyCount "107"]
[EventDate "2007.03.15"]
[EventType "tourn"]
[EventRounds "13"]
[EventCountry "RUS"]
[SourceTitle "EXT 2022"]
[Source "ChessBase"]
[SourceDate "2021.10.06"]
[SourceVersion "1"]
[SourceVersionDate "2021.10.06"]
[SourceQuality "1"]

1. d4 d5 2. c4 dxc4 3. e4 e5 4. Nf3 exd4 5. Nxd4 Nf6 6. Nc3 Bd6 7. Bxc4 0-0 8. h3 Be5 9. Be3 c5 10. Nde2 Qb6 11. Qc2 Nc6 12. Na4 Qc7 13. Bxc5 Rd8 14. 0-0 b6 15. Be3 Bb7 16. Rac1 Qe7 17. f3 Rac8 18. Nac3 Nd4 19. Bxd4 Bxd4+ 20. Nxd4 Rxd4 21. Be2 h5 22. Rfd1 Rxd1+ 23. Rxd1 Qc5+ 24. Kh1 Qf2 25. Qd2 h4 26. Qe1 Qxe1+ 27. Rxe1 Nh5 28. Kg1 Nf4 29. Kf2 Rc5 30. Rd1 Rc7 31. Bf1 Bc6 32. g3 hxg3+ 33. Kxg3 Ne6 34. h4 g6 35. Rd2 Nc5 36. Rd4 Ne6 37. Rd6 Nc5 38. Bc4 Bxe4 39. fxe4 Nxe4+ 40. Nxe4 Rxc4 41. Nc3 Rb4 42. b3 Kg7 43. Rd7 a6 44. Rd6 a5 45. Rd5 f5 46. Rd7+ Kh6 47. Nd5 Rg4+ 48. Kh3 Rg1 49. Nxb6 Rh1+ 50. Kg3 Rg1+ 51. Kh2 Ra1 52. a4 Kh5 53. Kg3 Rg1+ 54. Kf2 1-0